|
|
|
|
| LEADER |
00000nam0a2200000 4500 |
| 001 |
178748 |
| 005 |
20231101223427.0 |
| 010 |
|
|
|a 9785811410392
|
| 035 |
|
|
|a (RuTPU)RU\TPU\book\193762
|
| 090 |
|
|
|a 178748
|
| 100 |
|
|
|a 20100409d2010 m y0rusy50 ca
|
| 101 |
0 |
|
|a rus
|
| 102 |
|
|
|a RU
|
| 105 |
|
|
|a a j 000zy
|
| 200 |
1 |
|
|a Курс теоретической механики
|e учебник
|f Н. Н. Никитин
|
| 205 |
|
|
|a 7-е изд., стер.
|
| 210 |
|
|
|a СПб.
|c Лань
|d 2010
|
| 215 |
|
|
|a 720 с.
|c ил.
|
| 330 |
|
|
|a В основу курса положен многолетний опыт преподавания теоретической механики в МГТУ им. Н. Э. Баумана. Тщательный подбор теоретического материала и примеров позволяет использовать учебник для самостоятельного изучения без дополнительного применения руководств по решению задач. Начиная с 6-го издания, статика и динамика излагаются совместно в разделе «Динамика» на основе новой формы основных аксиом динамики. Учебник предназначен для студентов технических специальностей.
|
| 606 |
1 |
|
|a Механика теоретическая
|2 stltpush
|3 (RuTPU)RU\TPU\subj\59441
|9 76991
|
| 610 |
1 |
|
|a учебники
|
| 610 |
1 |
|
|a кинематика
|
| 610 |
1 |
|
|a материальная точка
|
| 610 |
1 |
|
|a твердые тела
|
| 610 |
1 |
|
|a простейшие движения
|
| 610 |
1 |
|
|a плоское движение
|
| 610 |
1 |
|
|a вращение
|
| 610 |
1 |
|
|a сложное движение
|
| 610 |
1 |
|
|a сплошные среды
|
| 610 |
1 |
|
|a динамика
|
| 610 |
1 |
|
|a системы сил
|
| 610 |
1 |
|
|a трение
|
| 610 |
1 |
|
|a центр тяжести
|
| 610 |
1 |
|
|a центр масс
|
| 610 |
1 |
|
|a центр системы параллельных сил
|
| 610 |
1 |
|
|a дифференциальные уравнения
|
| 610 |
1 |
|
|a геометрия масс
|
| 610 |
1 |
|
|a теоремы
|
| 610 |
1 |
|
|a аксиома Даламбера
|
| 610 |
1 |
|
|a аналитическая механика
|
| 610 |
1 |
|
|a колебания
|
| 610 |
1 |
|
|a удар
|
| 610 |
1 |
|
|a космическое движение
|
| 675 |
|
|
|a 531(075.8)
|v 3
|
| 700 |
|
1 |
|a Никитин
|b Н. Н.
|g Николай Никитич
|
| 801 |
|
1 |
|a RU
|b 63413507
|c 20100409
|
| 801 |
|
2 |
|a RU
|b 63413507
|c 20150515
|g RCR
|
| 942 |
|
|
|c BK
|
| 959 |
|
|
|a 23/20100408
|d 5
|e 0
|f АНЛ:1
|f ЧЗТЛ:1
|f УФ:3
|
| 959 |
|
|
|a 48/20100812
|d 5
|e 650,10
|f Ф_ТПУ_Новокузнецк:5
|